000 00799nas a2200277 4500
001 BR0901384
003 BR-BrBNA
005 20231205113217.0
007 ta
008 230509b bl.|||p| |||| 00| 00por d
040 _aBR-BrBNA
_bpor
_cBiblioteca Nacional de Agricultura
041 _a(Pt)
072 _aL40
100 1 _aMoura, A.G. de
100 1 _aRodrigues, D.A.
100 1 _aSilva, M.R.M.A.
100 1 _aBernadino Júnior, R.
100 1 _aSeverino, R.S.
245 1 _aAnatomia comparada da articulação temporomandibular
650 _aANATOMIA
650 _aARTICULAÇÃO
650 _aMANDIBULA
773 0 _tBioscience Journal (Brazil)
_xISSN 1516-3725
_g(Sep-Dec 2004), v. 20(3) p. 35-44
_wBR0901384
909 _a202311
_bLúcia
_c55
_dLúcia Elande
942 _2AGRIS
_n0
_cANA
999 _c202478
_d202478